Welcome to CU Library Online Public Access Catalogue (OPAC)

Negotiated change : (Record no. 9142)

MARC details
000 -LEADER
fixed length control field 01089cam a22002894a 4500
001 - CONTROL NUMBER
control field 13118155
005 - DATE AND TIME OF LATEST TRANSACTION
control field 20260325111908.0
008 - FIXED-LENGTH DATA ELEMENTS--GENERAL INFORMATION
fixed length control field 030310s2003 ii a b 001 0 eng
020 ## - INTERNATIONAL STANDARD BOOK NUMBER
International Standard Book Number 0761996397
Qualifying information US-HB
020 ## - INTERNATIONAL STANDARD BOOK NUMBER
International Standard Book Number 0761996400
Qualifying information US-PB
020 ## - INTERNATIONAL STANDARD BOOK NUMBER
International Standard Book Number 8178292696
Qualifying information India-HB
020 ## - INTERNATIONAL STANDARD BOOK NUMBER
International Standard Book Number 817829270X
Qualifying information India-PB
020 ## - INTERNATIONAL STANDARD BOOK NUMBER
International Standard Book Number 9780761996392
Qualifying information (US-HB)
020 ## - INTERNATIONAL STANDARD BOOK NUMBER
International Standard Book Number 9780761996408
Qualifying information (US-PB)
020 ## - INTERNATIONAL STANDARD BOOK NUMBER
International Standard Book Number 9788178292694
Qualifying information (India-HB)
050 00 - LIBRARY OF CONGRESS CALL NUMBER
Classification number HD6812
Item number .V46 2003
082 00 - DEWEY DECIMAL CLASSIFICATION NUMBER
Classification number 331.89/0954
Edition information 21
100 1# - MAIN ENTRY--PERSONAL NAME
Personal name Venkata Ratnam, C. S.
245 10 - TITLE STATEMENT
Title Negotiated change :
Remainder of title collective bargaining, liberalization and restructuring in India /
Statement of responsibility, etc. C.S. Venkata Ratnam.
260 ## - PUBLICATION, DISTRIBUTION, ETC.
Place of publication, distribution, etc. New Delhi ;
-- Thousand Oaks, Calif. :
Name of publisher, distributor, etc. Response Books,
Date of publication, distribution, etc. 2003.
300 ## - PHYSICAL DESCRIPTION
Extent xviii, 367 p. :
Other physical details ill. ;
Dimensions 22 cm.
650 #0 - SUBJECT ADDED ENTRY--TOPICAL TERM
Topical term or geographic name entry element Collective bargaining
Geographic subdivision India.
650 #0 - SUBJECT ADDED ENTRY--TOPICAL TERM
Topical term or geographic name entry element Industrial relations
Geographic subdivision India.
856 41 - ELECTRONIC LOCATION AND ACCESS
Materials specified Table of contents only
Uniform Resource Identifier <a href="http://www.loc.gov/catdir/toc/ecip041/2003005746.html">http://www.loc.gov/catdir/toc/ecip041/2003005746.html</a>
856 42 - ELECTRONIC LOCATION AND ACCESS
Materials specified Publisher description
Uniform Resource Identifier <a href="http://www.loc.gov/catdir/enhancements/fy0657/2003005746-d.html">http://www.loc.gov/catdir/enhancements/fy0657/2003005746-d.html</a>
942 ## - ADDED ENTRY ELEMENTS (KOHA)
Source of classification or shelving scheme Library of Congress Classification
Koha item type Books
Suppress in OPAC No
999 ## -
-- 9142
-- 9142
Holdings
Withdrawn status Lost status Source of classification or shelving scheme Damaged status Not for loan Collection Home library Current library Shelving location Date acquired Total checkouts Full call number Barcode Date last seen Copy number Price effective from Koha item type
    Library of Congress Classification     Non-fiction Business Library (Miotso) Business Library (Miotso) General stacks 03/25/2026   HD6812 .V46 2003 BSSM00002966 03/25/2026 1 03/25/2026 Books
    Library of Congress Classification     Non-fiction Business Library (Miotso) Business Library (Miotso) General stacks 03/25/2026   HD6812 .V46 2003 BSSM00002967 03/25/2026 2 03/25/2026 Books
    Library of Congress Classification     Non-fiction Business Library (Miotso) Business Library (Miotso) General stacks 03/25/2026   HD6812 .V46 2003 BSSM00002968 03/25/2026 3 03/25/2026 Books
    Library of Congress Classification     Non-fiction Business Library (Miotso) Business Library (Miotso) General stacks 03/25/2026   HD6812 .V46 2003 BSSM00002969 03/25/2026 4 03/25/2026 Books
© 2023-2024 Copyright: Central University Libraries. All Rights Reserved | Created by: Mahone Tech Office